000 01402nam a2200241Ia 4500
001 9443
003 GE_BSU
008 181216s||||||||xx |||||||||||||| ||und||
040 _cGE_BSU
080 _a821.353.1–32+821.19-32
100 _aმაჭავარიანი,მუხრან
245 _aმეგობრობის ხმები:თანამედროვე ქართველი და სომეხი მწერლების მოთხრობები
245 _bქართული მოთხრობები
245 _cრედ.ზ.მედულაშვილი.ნ.გოგოძე.წინასიტყვ.ა.თოფჩიანი
260 _aთბილისი
260 _bნაკადული
260 _c1977
300 _a492გვ.ილ.20სმ.
520 _aქართული მოთხრობები შეადგინა ა. სულაკაურმა.სომხური მოთხრ.შეადგ.ა.გუკასიანმა და ჰრ.ბაირამიანმა
653 _aმეგობრობის ხმები:თანამედროვე ქართველი და სომეხი მწერლების მოთხრობები
653 _aქართული მოთხრობები
942 _cBK
999 _c42737
_d42737